000 00864nam a22002537a 4500
999 _c5380
_d5380
003 AR-CdUCM
008 190312b ||||| |||| 00| 0 spa d
040 _aMUNICIPALIDAD PROVINCIAL DEL CUSCO
_cBIBLIOTECA MUNICIPAL DEL CUSCO
082 _22ed.
_a985.21 /
_bR69
100 _aRodriguez, Alfredo
_916218
245 _aDe invasores a inválidos /
260 _aLima :
_bDESCO,
_c1976.
300 _a131 paginas ,
_c16 cm.
440 _aserie PRAXIS
_n4
_916219
505 _aLos benefactores -- Las necesidades sentidas -- La desmovilización y la democracia del consumo.
650 _aDemocracia
_92598
650 _aModelo de desarrollo
_916220
650 _aInvasores
_916221
700 _aRiofrio, Gustavo
_94132
700 _aWelsh, Eileen
_916222
710 _aCentro de estudios y promoción del desarrollo
_93974
942 _2ddc
_cLIBROS
945 _awnts